Sprache als Kommunikationsform und -hindernis im deutschbaltischen Adel: Von der französischen Lingua franca zur deutschen Regionalsprache

Titel: Sprache als Kommunikationsform und -hindernis im deutschbaltischen Adel: Von der französischen Lingua franca zur deutschen Regionalsprache / Anja Wilhelmi
Verfasser:
In: Bundesinstitut für Kultur und Geschichte der Deutschen im Östlichen Europa: Jahrbuch des Bundesinstituts für Kultur und Geschichte der Deutschen im Östlichen Europa, Band 26 (2018), Seite 233-248
alle Artikel anzeigen Sprache, Band 26 (2018), Seite 233-248
alle Artikel anzeigen
Veröffentlicht: 2018
Format: Aufsatz
Sprache: Deutsch
Schlagworte:
Kein Bild verfügbar
X
alg: 50488998
001A    $03025:10-02-23 
001B    $03025:27-08-25 $t12:37:51.000 
001D    $03025:10-02-23 
001U    $0utf8 
001X    $00 
002@    $0Aou 
002C    $aText $btxt $2rdacontent 
002D    $aohne Hilfsmittel zu benutzen $bn $2rdamedia 
002E    $aBand $bnc $2rdacarrier 
003@    $0504889982 
007A    $0504889982 $aHEB 
010@    $ager 
010E    $erda 
011@    $a2018 
021A    $aSprache als Kommunikationsform und -hindernis im deutschbaltischen Adel: Von der französischen Lingua franca zur deutschen Regionalsprache $hAnja Wilhelmi 
028A    $BVerfasser $4aut $7101357625X $8Wilhelmi, Anja$Z1966- [Tp3] $9268736707 
031A    $d26 $h233-248 $j2018 
039B    $aEnthalten in $8--Abvc--Bundesinstitut für Kultur und Geschichte der Deutschen im Östlichen Europa [Tb1]. Jahrbuch des Bundesinstituts für Kultur und Geschichte der Deutschen im Östlichen Europa. - München : de Gruyter Oldenbourg, [2011-2018]. - ISSN 2193-6730 $x201800000260000767 $9284808369 
039B    $aEnthalten in $8--Aau--. Sprache. - München : De Gruyter Oldenbourg, [2018]. - 302 Seiten. - Diagramme, Tabellen, Karten. - ISBN 978-3-11-047672-9 $9446537985 
044K    $#Baltische Staaten $#Baltikum $#Baltische Staaten $#Baltische Staaten $#Baltische Provinzen $#Russische Ostseeprovinzen $#Baltische Republiken $#Russland, Ostseeprovinzen $74004379-4 $8Baltikum [Tg1] $9085003506 
044K    $#Germans Baltic States $#Allemands des Pays baltes $#Baltendeutsche $#Deutsche Baltikum $74011593-8 $8Deutschbalten [Ts1] $9085023647 
044K    $#Language and languages $#Langage et langues $#Sprachen $74056449-6 $8Sprache [Ts1] $9085157090 
044K    $ROberschicht $RWeiblicher Adel $RAristokratie $#Nobility $#Noblesse $#Nobiltà $#Nobleza $#Adel $#Adel $#Junker $#Junkertum $#Adliger $#Adeliger $#Adlige $#Uradel $74000464-8 $8Adel [Ts1] $9084991682 
045F    $a417.7094790903 $eDDC23BSB 
045F/01 $a417.7 
045F/03 $f0903 
045F/03 $g479 
045G    $a306.094790903 $eDDC23BSB 
045G/01 $a306.09 
045G/03 $f0903 
045G/03 $g479 

lok: 50488998 78

exp: 50488998 78 1 #EPN
201B/01 $010-02-23 $t15:49:39.000 
201C/01 $010-02-23 
201U/01 $0utf8 
203@/01 $01227352816 
208@/01 $a10-02-23 $be 
209A/01 $a/ $f000 $x00 
209A/01 $ab*p $x01 
209A/01 $a*NGpgar $x02 
220C/01 $apgar 
244Z/01 $#Baltische Staaten $#Baltikum $#Baltische Staaten $#Baltische Staaten $#Baltische Provinzen $#Russische Ostseeprovinzen $#Baltische Republiken $#Russland, Ostseeprovinzen $74004379-4 $8--Tg1--Baltikum $x01 $9085003506 
247C/01 $82080>Marburg/Lahn, Herder-Institut, Forschungsbibliothek, Bibliographieportal $9336309341
LEADER 00000caa a2200000 c 4500
001 504889982
003 DE-603
005 20250827123751.0
007 tu
008 230210s2018 xx |||| | u00||u|ger c
035 |a (DE-599)HEB504889982 
040 |a DE-603  |b ger  |c DE-603  |d DE-603  |e rda 
041 |a ger 
082 0 4 |8 1\u  |a 417.7094790903  |q DE-101  |2 23/BSB 
083 0 |8 2\u  |a 306.094790903  |q DE-101  |2 23/BSB 
085 |8 1\u  |b 417.7 
085 |8 1\u  |z 1  |s 0903 
085 |8 1\u  |z 2  |s 479 
085 |8 2\u  |b 306.09 
085 |8 2\u  |z 1  |s 0903 
085 |8 2\u  |z 2  |s 479 
100 1 |a Wilhelmi, Anja  |d 1966-  |e Verfasser  |4 aut  |0 (DE-603)268736707  |0 (DE-588)101357625X  |2 gnd 
245 0 0 |a Sprache als Kommunikationsform und -hindernis im deutschbaltischen Adel: Von der französischen Lingua franca zur deutschen Regionalsprache  |c Anja Wilhelmi 
264 0 |c 2018 
336 |a Text  |b txt  |2 rdacontent 
337 |a ohne Hilfsmittel zu benutzen  |b n  |2 rdamedia 
338 |a Band  |b nc  |2 rdacarrier 
650 7 |a Deutschbalten  |0 (DE-588)4011593-8  |0 (DE-603)085023647  |2 gnd 
650 7 |a Sprache  |0 (DE-588)4056449-6  |0 (DE-603)085157090  |2 gnd 
650 7 |a Adel  |0 (DE-588)4000464-8  |0 (DE-603)084991682  |2 gnd 
651 7 |a Baltikum  |0 (DE-588)4004379-4  |0 (DE-603)085003506  |2 gnd 
773 0 8 |i Enthalten in  |a Bundesinstitut für Kultur und Geschichte der Deutschen im Östlichen Europa  |t Jahrbuch des Bundesinstituts für Kultur und Geschichte der Deutschen im Östlichen Europa  |d München : de Gruyter Oldenbourg, [2011-2018]  |h 24 cm  |x 2193-6730  |g Band 26 (2018), Seite 233-248  |w (DE-603)284808369  |w (DE-600)2640986-0 
773 0 8 |i Enthalten in  |t Sprache  |d München : De Gruyter Oldenbourg, [2018]  |h 302 Seiten, Diagramme, Tabellen, Karten  |z 9783110476729  |g Band 26 (2018), Seite 233-248  |w (DE-603)446537985 
924 0 |9 2080  |a (DE-603)1227352816  |b DE-2080  |c HES  |d d  |g /